Indovina il Testo - Gli Ostacoli del Cuore - Statistics

Statistiche generali
  • Questo quiz è stato fatto 162 volte
  • Il punteggio medio è 25 su 39
Statistiche sulle risposte
Testo % Corretto
Fra gli {ostacoli} del cuore
99%
Quante cose che non puoi {sapere}
91%
Quante cose che non {sai} di me
91%
Fra gli ostacoli del {cuore}
88%
Quante cose da portare nel {viaggio} insieme
86%
Quante {cose} che non puoi sapere
83%
Quante cose che {non} sai di me
83%
Quante cose da portare nel viaggio {insieme}
82%
Come un {pacco} di natale
81%
{Quante} cose che non sai di me
81%
Quante cose che non puoi {sapere}
79%
Quante cose che non {sai} di me
79%
C'è un principio di {magia}
78%
Fra gli {ostacoli} del cuore
78%
Quante cose che {non} sai di me
78%
Quante cose da buttare nel viaggio {insieme}
77%
Quante cose da portare nel {viaggio} insieme
77%
Quante cose {devi} meritare
69%
Fra una sera che non {muore}
68%
Anche mentre {guardo} il mare
61%
E una {notte} da scartare
61%
I {pensieri} più segreti
60%
E sentire fa {rumore}
58%
E trovarli già {svelati}
57%
Quante cose devi {meritare}
57%
Mentre lascio {naufragare}
54%
Nel tenere {coccolati}
54%
C'è un principio d'{ironia}
52%
Fra il mio {dire} ed il mio {fare}
50%
Quante cose da {buttare} nel viaggio insieme
46%
E a {parlare} ero io
45%
C'è un principio di {allegria}
43%
Fa rumore {camminare}
43%
Che mi voglio {meritare}
38%
Che si {attacca} volentieri
33%
Un {ridicolo} pensiero
31%
Che mi spinge a {dondolare}
30%
C'è un principio di {energia}
29%
Sono io che li ho {prestati}
26%
Nessun quiz corrispondente trovato
Distribuzione punteggi
Percentuale di utenti per punteggio
Percentile per numero di risposta
I tuoi punteggi nel tempo
Non hai fatto questo quiz